| 000 | 00351nam a22001337a 4500 | ||
|---|---|---|---|
| 003 | NUST | ||
| 020 | _a1858300991 | ||
| 082 | _a808.8992,BRE | ||
| 100 |
_aBrendon, Stuart _9131087 |
||
| 245 |
_aThe Children's Atlas of the World / _cStuart Brendon |
||
| 260 |
_aU.K _bGrandreams Limited _c1996 |
||
| 650 |
_aAtlas of the World _9131089 |
||
| 942 |
_2ddc _cBK |
||
| 999 |
_c615145 _d615145 |
||